Biblioteca y Centro de Documentación

Desarrollo de la formación y mercados de trabajo en Europa (Registro nro. 31228)

Detalles MARC
000 -CABECERA
Longitud fija campo de control 01486naa a2200421 c 4500
001 - NÚMERO DE CONTROL
Número de control 31228
003 - IDENTIFICADOR DE NÚMERO DE CONTROL
Identificador del número de control ES-MaCES
005 - FECHA Y HORA DE LA ÚLTIMA TRANSACCIÓN
Fecha y hora de la última transacción 20150929135535.0
008 - CAMPO FIJO DE DESCRIPCIÓN FIJA--INFORMACIÓN GENERAL
Códigos de información de longitud fija   990624n1999 sp d 000 | spa d
035 ## - NÚMERO DE CONTROL DEL SISTEMA
Número de control del sistema CES19990002114v
040 ## - FUENTE DE CATALOGACIÓN
Centro catalogador de origen ES-MaCES
Lengua de catalogación spa
Centro transcriptor ES-MaCES
041 1# - CÓDIGO DE IDIOMA
Código de lengua del texto;banda sonora o título independiente spa
Código de lengua original fre
100 1# - ENCABEZAMIENTO PRINCIPAL--NOMBRE PERSONAL
Nombre de persona Béduwé, Catherine
9 (RLIN) 7366
245 10 - MENCIÓN DE TÍTULO
Título Desarrollo de la formación y mercados de trabajo en Europa
Mención de responsabilidad, etc. C. Béduwé y J.F. Giret ; [traducción, María Jesús Sánchez Benito]
500 ## - NOTA GENERAL
Nota general Incluye gráf.
504 ## - NOTA DE BIBLIOGRAFÍA, ETC.
Nota de bibliografía, etc. Bibliografía: p. 55-56
650 #4 - ASIENTO SECUNDARIO DE MATERIA--TÉRMINO DE MATERIA
Término de materia o nombre geográfico como elemento inicial estudios prospectivos
9 (RLIN) 30347
650 #4 - ASIENTO SECUNDARIO DE MATERIA--TÉRMINO DE MATERIA
Término de materia o nombre geográfico como elemento inicial datos estadísticos
9 (RLIN) 30765
650 #4 - ASIENTO SECUNDARIO DE MATERIA--TÉRMINO DE MATERIA
Término de materia o nombre geográfico como elemento inicial comparación
9 (RLIN) 28892
650 #4 - ASIENTO SECUNDARIO DE MATERIA--TÉRMINO DE MATERIA
Término de materia o nombre geográfico como elemento inicial relación formación empleo
9 (RLIN) 29976
650 #4 - ASIENTO SECUNDARIO DE MATERIA--TÉRMINO DE MATERIA
Término de materia o nombre geográfico como elemento inicial mercado de trabajo
9 (RLIN) 28292
650 #4 - ASIENTO SECUNDARIO DE MATERIA--TÉRMINO DE MATERIA
Término de materia o nombre geográfico como elemento inicial inserción profesional
9 (RLIN) 29942
650 #4 - ASIENTO SECUNDARIO DE MATERIA--TÉRMINO DE MATERIA
Término de materia o nombre geográfico como elemento inicial calificación profesional
9 (RLIN) 28319
650 #4 - ASIENTO SECUNDARIO DE MATERIA--TÉRMINO DE MATERIA
Término de materia o nombre geográfico como elemento inicial certificación ocupacional
9 (RLIN) 29930
650 #4 - ASIENTO SECUNDARIO DE MATERIA--TÉRMINO DE MATERIA
Término de materia o nombre geográfico como elemento inicial desarrollo educativo
9 (RLIN) 27370
650 #4 - ASIENTO SECUNDARIO DE MATERIA--TÉRMINO DE MATERIA
Término de materia o nombre geográfico como elemento inicial nivel educativo
9 (RLIN) 27448
650 #4 - ASIENTO SECUNDARIO DE MATERIA--TÉRMINO DE MATERIA
Término de materia o nombre geográfico como elemento inicial mano de obra
9 (RLIN) 28295
653 10 - TÉRMINO DE INDEXACIÓN--NO CONTROLADO
Término no controlado Educación
650 #4 - ASIENTO SECUNDARIO DE MATERIA--TÉRMINO DE MATERIA
9 (RLIN) 27392
Término de materia o nombre geográfico como elemento inicial formación
650 #4 - ASIENTO SECUNDARIO DE MATERIA--TÉRMINO DE MATERIA
9 (RLIN) 29020
Término de materia o nombre geográfico como elemento inicial país de la UE
650 #4 - ASIENTO SECUNDARIO DE MATERIA--TÉRMINO DE MATERIA
9 (RLIN) 26752
Término de materia o nombre geográfico como elemento inicial UE
700 1# - ENCABEZAMIENTO SECUNDARIO--NOMBRE PERSONAL
Nombre de persona Sánchez Benito, María Jesús
Término indicativo de función tr.
9 (RLIN) 23201
700 1# - ENCABEZAMIENTO SECUNDARIO--NOMBRE PERSONAL
Nombre de persona Giret, Jean-François
9 (RLIN) 13465
773 0# - ENTRADA DE DOCUMENTO FUENTE
Título Revista de educación
Parte(s) relacionada(s) n. 318 (en.-abr. 1999){10220 R. 030599}; p. 35-56
Número de control del registro relacionado (ES-MaCES)25235
Itemnumber del ítem fuente 44516
902 ## - CES. TIPO DE DOCUMENTO
Tipodoc (006$c Sirtex) ART Artículo de revista
942 ## - ELEMENTOS KOHA
Fuente de clasificaión o esquema Clasificación propia del CES
Koha [por defecto] tipo de item Artículos (1982-2017)
Parte de clasificación 4.0.

No hay ítems disponibles.

© CES, Consejo Económico y Social de España 2021